| 000 | 00403nam a22001697a 4500 | ||
|---|---|---|---|
| 005 | 20160622110542.0 | ||
| 008 | 160622b xxu||||| |||| 00| 0 eng d | ||
| 020 | _a978-0-07-064791-6 | ||
| 041 | _aeng | ||
| 082 | _b9143 | ||
| 100 |
_aKothari, D.P and Nagrath I.J _92461 |
||
| 245 | _aPower System Engineering | ||
| 260 | _bTMH | ||
| 300 | _a1062 | ||
| 650 |
_aDiploma Engineering _9817 |
||
| 942 | _cBK | ||
| 999 |
_c3499 _d3498 |
||